Geography Quiz

Random Geography or State Quiz
Score 0/16 Timer 02:00
0 Plays Today
Question Answer Wrong Answers
Nevada and Colorado Utah
89.6%
Idaho
5%
Delaware and West Virginia Maryland
83.8%
New Jersey
10.8%
Missouri and Texas Oklahoma
82.7%
Kansas
10.8%
Tennessee and Texas Arkansas
82.4%
Missouri
12.6%
Indiana and Missouri Kentucky
81.3%
Tennessee
14.4%
Oregon and Montana Idaho
81.3%
Washington
11.9%
Illinois and Arkansas Missouri
78.8%
Kentucky
16.2%
North Carolina and Kentucky Virginia
78.8%
South Carolina
15.1%
Maine and Massachusetts New Hampshire
78.4%
Vermont
16.5%
North Dakota and Idaho Montana
77.7%
Wyoming
17.3%
Wisconsin and Nebraska Iowa
75.9%
Illinois
19.8%
Ohio and Wisconsin Michigan
74.1%
Indiana
21.6%
New York and Delaware Pennsylvania
73.4%
Connecticut
20.9%
Montana and Iowa South Dakota
71.9%
Nebraska
22.7%
Missouri and Wyoming Nebraska
70.1%
Kansas
24.5%
Georgia and Mississippi Tennessee
55.8%
Florida
39.9%

You're not logged in!

Compare scores with friends on all Sporcle quizzes.
OR
Log In

Sporcle TV

Today on Sporcle TV


Watch our educational content, quiz creation guides, and fun videos on Sporcle TV.

Show Comments

Extras

Top Quizzes Today


Score Distribution

Paid Content

Your Account Isn't Verified!

In order to create a playlist on Sporcle, you need to verify the email address you used during registration. Go to your Sporcle Settings to finish the process.

Report this User

Report this user for behavior that violates our Community Guidelines.

Details: